Paint Color Logic Puzzle Quiz Stats

Quiz Updated Jan 29, 2018

Challenge
Share
Tweet
Score 0/25 Timer 20:00
11 Plays Today
% Correct



A1



???
100%



C3



???
99.2%



B2



???
52%



C1



???
44.4%



B1



???
41.9%



C2



???
41.3%



E3



???
35.3%



B4



???
34.9%



D3



???
34.1%



D2



???
28.1%



A5



???
23.8%



A2



???
20.3%



D4



???
18.1%
% Correct



A3



???
17.9%



B3



???
15.4%



C4



???
15.1%



E4



???
13.1%



B5



???
11%



A4



???
9.9%



C5



???
8.8%



D1



???
8.5%



E1



???
6.1%



E2



???
5.7%



D5



???
5.5%



E5



???
5.2%

You're not logged in!

Compare scores with friends on all Sporcle quizzes.
Sign Up with Email
OR
Log In

You Might Also Like...

Show Comments

Extras

Top Quizzes Today


Score Distribution

Your Account Isn't Verified!

In order to create a playlist on Sporcle, you need to verify the email address you used during registration. Go to your Sporcle Settings to finish the process.

Report this User

Report this user for behavior that violates our Community Guidelines.

Details: